| 000 | 00607nam a2200217 a 4500 | ||
|---|---|---|---|
| 001 | BRCA_8304 | ||
| 005 | 20190320210223.0 | ||
| 008 | 230614s1910----fr-a###f##---#001-0#fre-# | ||
| 041 | _afre | ||
| 044 | _afr | ||
| 050 | 4 |
_aF1234 _b.B68 1910 |
|
| 100 | 1 |
_aBordeaux, Albert _920731 |
|
| 245 | 1 | 0 |
_aLe Mexique _bet ses mines d´argent _cAlbert Bordeaux. |
| 260 |
_aParis _bLibrairie Plon-Nourrit _c1910 |
||
| 300 |
_a295 p. _bil., láminas, mapas _c19 cm. |
||
| 500 | _aS129 | ||
| 651 | 4 |
_aMéxico _xRiqueza mineral _920732 |
|
| 651 | 4 |
_aMéxico _xDescripción y viajes _9103 |
|
| 902 | _aGFM | ||
| 942 |
_2lcc _cB |
||
| 999 |
_c7972 _d7972 |
||